| 000 | 01874nam a2200517 i 4500 | ||
|---|---|---|---|
| 001 | 1842 | ||
| 003 | KOSZ 005 | ||
| 005 | 20200508092221.0 | ||
| 008 | 200507s1982 pl a f 001 0 pol | ||
| 015 | _aUWD 1982/8854 | ||
| 020 | _a8320403766 | ||
| 035 | _a991011911949705066 | ||
| 035 | _a(PL-WaBN)b13231935-48omnis_nlop | ||
| 035 | _ab13231935 | ||
| 035 | _a(OCoLC)749649082 | ||
| 035 | _a(PL)b0000001323193 | ||
| 035 | _a(EXLNZ-48OMNIS_NETWORK)9910205809105606 | ||
| 040 |
_aWA N _cWA N _dKOSZ 005/RW |
||
| 046 | _k1982 | ||
| 080 | _a621.73 | ||
| 080 | _a539.3/.6 | ||
| 100 | 1 |
_aWasiunyk, Piotr _d(1911-2005) _eAutor |
|
| 245 | 1 | 0 |
_aTeoria procesów kucia i prasowania / _cPiotr Wasiunyk. |
| 260 |
_aWarszawa : _bWydawnictwa Naukowo-Techniczne, _c1982. |
||
| 300 |
_a298, [2] stron, [1] karta tablic : _bilustracje, tablice, wykresy ; _c24 cm. |
||
| 336 |
_aTekst _btxt _2rdacontent |
||
| 337 |
_aBez urządzenia pośredniczącego _bn _2rdamedia |
||
| 338 |
_aWolumin _bnc _2rdacarrier |
||
| 380 | _aKsiążki | ||
| 380 | _aPublikacje fachowe | ||
| 380 | _aPublikacje dydaktyczne | ||
| 385 |
_mPoziom nauczania _aSzkoły wyższe |
||
| 388 | _a1901-2000 | ||
| 388 | _a1945-1989 | ||
| 504 | _aBibliografia na stronach 291-[295]. Indeks. | ||
| 521 | 8 | _aKsiążka jest przeznaczona dla inżynierów technologów zajmujących się obróbką plastyczną metali oraz dla studentów wydziałów mechanicznych technologicznych. | |
| 650 | 7 |
_aMetale _2DBN |
|
| 650 | 7 |
_aPlastyczność _2DBN |
|
| 650 | 7 | _aNaprężenia i odkształcenia | |
| 650 | 7 | _aTechnologia | |
| 658 | _aInżynieria i technika | ||
| 710 | 2 |
_aWydawnictwa Naukowo-Techniczne _4pbl |
|
| 856 |
_uhttp://koha.tu.koszalin.pl/cgi-bin/koha/opac-detail.pl?biblionumber=1842 _yKatalog online BPK |
||
| 942 |
_2UKD _cKS |
||
| 999 |
_c1842 _d1842 |
||